Century by Military Leaders Quiz Stats

Quiz Updated Jan 18, 2016

Challenge
Share
Tweet
Embed
Score 0/16 Timer 06:00
3 Plays Today
% Correct
1700s
90.8%
1800s
89.7%
1900s
89.4%
1600s
72.5%
1000s
67%
0s BCE
66.4%
1500s
63.5%
1400s
62.6%
% Correct
400s BCE
58.9%
300s BCE
53.2%
1100s
52.3%
400s
47.8%
1200s
47.3%
700s
44.9%
0s
44.5%
200s BCE
43%

You're not logged in!

Compare scores with friends on all Sporcle quizzes.
Join for Free
OR
Log In

You Might Also Like...

Show Comments

Extras

Top Quizzes Today


Score Distribution

Your Account Isn't Verified!

In order to create a playlist on Sporcle, you need to verify the email address you used during registration. Go to your Sporcle Settings to finish the process.

Report this User

Report this user for behavior that violates our Community Guidelines.

Details: